Statystyki dla Kształty państw kończących się na -ria

Kliknij tutaj aby rozwiązać quiz!

Ogólne statystyki

  • Ten quiz został rozwiązany 60 razy
  • Średni wynik to 5 z 7

Statystyki odpowiedzi

Odpowiedź% Poprawnych
Algieria
94%
Austria
89%
Szwajcaria
89%
Bułgaria
81%
Syria
72%
Nigeria
64%
Liberia
49%

Rozkład punktacji

Percentyl według liczby udzielonych odpowiedzi

Procent ludzi z każdym wynikiem

Twoja historia wyników

Nie rozwiązałeś tego quizu